[Event "Lichtenrader Herbst"]
[Site "Berlin"]
[Date "2009.10.17"]
[Round "1.1"]
[White "Graf, Alexander"]
[Black "Voelz, Michael"]
[Result "1-0"]
[WhiteElo "2596"]
[BlackElo "1882"]
[PlyCount "71"]
[EventDate "2009.??.??"]

1. d4 d5 2. c4 e6 3. Nf3 Nf6 4. g3 Nbd7 5. Bg2 Bd6 6. O-O O-O 7. Nc3 c6 8. Nd2
Bc7 9. e4 dxe4 10. Ndxe4 Nxe4 11. Nxe4 e5 12. d5 cxd5 13. Qxd5 Nb6 14. Qxd8
Rxd8 15. b3 Nd7 16. Be3 f5 17. Nc3 e4 18. Rad1 Ne5 19. Nb5 Bb6 20. Bxb6 Rxd1
21. Rxd1 axb6 22. Rd8+ Kf7 23. Nd6+ Ke7 24. Rxc8 Rxa2 25. Nxf5+ Kd7 26. Rb8
Ra1+ 27. Bf1 Nf3+ 28. Kg2 Ne1+ 29. Kh3 Nf3 30. Ne3 Ra5 31. Rxb7+ Kc6 32. Rxg7
Rh5+ 33. Kg4 Rxh2 34. Bg2 Ne5+ 35. Kf5 Rh5+ 36. Kxe4 1-0

[Event "Lichtenrader Herbst"]
[Site "Berlin"]
[Date "2009.10.17"]
[Round "1.2"]
[White "Casny, Guenter"]
[Black "Kalinitschew, Sergey"]
[Result "0-1"]
[WhiteElo "1881"]
[BlackElo "2483"]
[PlyCount "76"]
[EventDate "2009.??.??"]

1. e4 c5 2. Nf3 Nc6 3. g3 Nf6 4. d3 d5 5. exd5 Nxd5 6. Bg2 Bg4 7. Nbd2 e6 8.
O-O Be7 9. a3 O-O 10. h3 Bh5 11. Qe1 Rc8 12. Ne4 Nd4 13. Nxd4 cxd4 14. c4 dxc3
15. Nxc3 Nxc3 16. bxc3 Qxd3 17. Bxb7 Bc5 18. Qe5 Qb5 19. Be3 Qxb7 20. Bxc5 Qb5
21. Bd4 Qxe5 22. Bxe5 Bf3 23. Bd4 a6 24. Rfe1 Bd5 25. f4 Rb8 26. Re2 f6 27. Rc1
Bc4 28. Rd2 Rfd8 29. Rf2 Rb3 30. Ra1 Rd5 31. a4 h5 32. a5 e5 33. fxe5 fxe5 34.
Bb6 Rxc3 35. Kh2 Rdd3 36. Bc7 h4 37. gxh4 Rxh3+ 38. Kg1 Bd5 0-1

[Event "Lichtenrader Herbst"]
[Site "Berlin"]
[Date "2009.10.17"]
[Round "1.3"]
[White "Meister, Jakob"]
[Black "Binder, Thomas"]
[Result "1-0"]
[WhiteElo "2480"]
[BlackElo "1873"]
[PlyCount "87"]
[EventDate "2009.??.??"]

1. e4 d5 2. exd5 Nf6 3. Bb5+ Bd7 4. Bc4 b5 5. Bb3 Bg4 6. f3 Bc8 7. a4 b4 8. c4
g6 9. d4 Bg7 10. Ne2 O-O 11. O-O c6 12. dxc6 Nxc6 13. Be3 Ba6 14. Nd2 Na5 15.
Rc1 Rc8 16. Re1 Nd7 17. c5 Nc6 18. Bc4 Bxc4 19. Nxc4 Nf6 20. Qd2 Nd5 21. Bh6
Re8 22. Bxg7 Kxg7 23. Rcd1 Qc7 24. Ng3 Rcd8 25. Qg5 Kh8 26. Ne5 Nxe5 27. Qxe5+
f6 28. Qxc7 Nxc7 29. Kf2 Kg7 30. Ne2 Nd5 31. Nc1 Kf7 32. Nb3 Rc8 33. g3 Rc6 34.
Ke2 Ra6 35. Kd3 Rxa4 36. Ra1 Rxa1 37. Rxa1 e6 38. Rxa7+ Re7 39. Rxe7+ Kxe7 40.
Nc1 Kd7 41. Kc4 Kc6 42. h3 e5 43. dxe5 fxe5 44. Nd3 1-0

[Event "Lichtenrader Herbst"]
[Site "Berlin"]
[Date "2009.10.17"]
[Round "1.4"]
[White "Gerntke, Oliver"]
[Black "Orzech, Dominik"]
[Result "0-1"]
[WhiteElo "1868"]
[BlackElo "2435"]
[PlyCount "48"]
[EventDate "2009.??.??"]

1. d4 Nf6 2. c4 g6 3. Nc3 Bg7 4. e4 O-O 5. f3 c5 6. d5 d6 7. Be3 a6 8. Qd2 e6
9. Nge2 exd5 10. Nxd5 Nxd5 11. exd5 Re8 12. Nc3 Bd4 13. Ne4 f5 14. Bxd4 cxd4
15. Bd3 fxe4 16. Bxe4 Bf5 17. Qxd4 Bxe4 18. fxe4 Qh4+ 19. Kd2 Rxe4 20. Qb6 Nd7
21. Qxd6 Qf2+ 22. Kc3 Qd4+ 23. Kc2 Qxc4+ 24. Kd2 Re2+ 0-1

[Event "Lichtenrader Herbst"]
[Site "Berlin"]
[Date "2009.10.17"]
[Round "1.5"]
[White "Batyrov, Sapar"]
[Black "Rehder, Frank"]
[Result "1-0"]
[WhiteElo "2421"]
[BlackElo "1866"]
[PlyCount "89"]
[EventDate "2009.??.??"]

1. d4 d5 2. Nf3 Nf6 3. c4 e6 4. Nc3 Nbd7 5. e3 Be7 6. Bd3 O-O 7. O-O b6 8. e4
dxe4 9. Nxe4 Bb7 10. Qe2 c5 11. Rd1 Qc7 12. Bg5 cxd4 13. Nxd4 Rfe8 14. Rac1 a6
15. Nxf6+ Bxf6 16. Bxf6 Nxf6 17. b4 Qf4 18. c5 bxc5 19. bxc5 e5 20. c6 Bc8 21.
g3 Qg5 22. h4 Qg4 23. Qxg4 Bxg4 24. f3 Bh5 25. g4 exd4 26. gxh5 Nxh5 27. c7 g6
28. Be4 Rac8 29. Bb7 Nf4 30. Bxc8 Rxc8 31. Rc6 Ne6 32. Rb1 Rxc7 33. Rxc7 Nxc7
34. Rb7 Ne6 35. Kf2 Kg7 36. Rb6 a5 37. Ra6 Nc5 38. Rxa5 Nd3+ 39. Ke2 Nf4+ 40.
Kd2 h5 41. Rb5 Ng2 42. a4 Nxh4 43. a5 Nf5 44. Rxf5 gxf5 45. a6 1-0

[Event "Lichtenrader Herbst"]
[Site "Berlin"]
[Date "2009.10.17"]
[Round "1.6"]
[White "Duric, Rajko"]
[Black "Brener, Ilja"]
[Result "0-1"]
[WhiteElo "1864"]
[BlackElo "2409"]
[PlyCount "52"]
[EventDate "2009.??.??"]

1. e4 d6 2. d4 Nf6 3. Nc3 e5 4. Be3 Nbd7 5. h3 Be7 6. Nf3 c6 7. dxe5 dxe5 8.
Bc4 b5 9. Bd3 O-O 10. O-O Qc7 11. a3 Nc5 12. b4 Ne6 13. Ne2 c5 14. bxc5 Bxc5
15. Qc1 a6 16. Bxc5 Nxc5 17. Qb2 Nfd7 18. Qc3 Ra7 19. Nc1 f6 20. Na2 Nb6 21.
Qe1 Be6 22. Nc3 Nca4 23. Nxa4 Nxa4 24. Qb4 Rc8 25. c4 a5 26. cxb5 axb4 0-1

[Event "Lichtenrader Herbst"]
[Site "Berlin"]
[Date "2009.10.17"]
[Round "1.7"]
[White "Radovanovic, Jovica"]
[Black "Radjenovic, Branko"]
[Result "1-0"]
[WhiteElo "2360"]
[BlackElo "1861"]
[PlyCount "47"]
[EventDate "2009.??.??"]

1. Nf3 Nf6 2. g3 g6 3. c4 Bg7 4. Nc3 d6 5. Bg2 O-O 6. O-O Nc6 7. d4 e5 8. d5
Ne7 9. e4 Ne8 10. Ne1 f5 11. Nd3 Nf6 12. Bg5 h6 13. Bxf6 Bxf6 14. f4 exf4 15.
Nxf4 Be5 16. exf5 Bxf4 17. Rxf4 Bxf5 18. Qd4 g5 19. Rf2 Ng6 20. Raf1 Qd7 21. c5
Ne5 22. c6 bxc6 23. dxc6 Qg7 24. Qd5+ 1-0

[Event "Lichtenrader Herbst"]
[Site "Berlin"]
[Date "2009.10.17"]
[Round "1.8"]
[White "Sawlin, Leonid"]
[Black "Giemsa, Stephan"]
[Result "0-1"]
[WhiteElo "1858"]
[BlackElo "2305"]
[PlyCount "58"]
[EventDate "2009.??.??"]

1. e4 e6 2. d4 d5 3. Nc3 Nf6 4. Bg5 dxe4 5. Nxe4 Be7 6. Bxf6 gxf6 7. Nf3 a6 8.
Bd3 b5 9. a4 b4 10. c3 Bb7 11. a5 f5 12. Ned2 bxc3 13. bxc3 Rg8 14. Rg1 c5 15.
Ne5 cxd4 16. Qa4+ Kf8 17. Qb3 Bxg2 18. Bxf5 dxc3 19. Ne4 Qd4 20. Nxf7 exf5 21.
Ra4 c2 22. Rxd4 c1=Q+ 23. Rd1 Qf4 24. Nc5 Bxc5 25. Rd8+ Ke7 26. Rxg2 Qb4+ 27.
Qxb4 Bxb4+ 28. Kf1 Rxg2 29. Kxg2 Kxf7 0-1

[Event "Lichtenrader Herbst"]
[Site "Berlin"]
[Date "2009.10.17"]
[Round "1.9"]
[White "Dauth, Benjamin"]
[Black "Uckar, Klaudijo"]
[Result "1-0"]
[WhiteElo "2297"]
[BlackElo "1855"]
[PlyCount "59"]
[EventDate "2009.??.??"]

1. e4 e5 2. Bc4 Nf6 3. d4 Nc6 4. Nf3 d5 5. exd5 Na5 6. Bb5+ c6 7. dxc6 bxc6 8.
Be2 e4 9. Ne5 Bd6 10. Bf4 Qc7 11. c3 O-O 12. Bg3 c5 13. Na3 a6 14. Nac4 Nxc4
15. Nxc4 Bxg3 16. hxg3 cxd4 17. Qxd4 Rd8 18. Qb6 Qe7 19. Qb4 Qxb4 20. cxb4 Bb7
21. Na5 Bd5 22. O-O-O h6 23. b3 Kf8 24. Kb2 Rd7 25. Rd4 Be6 26. Rhd1 Rxd4 27.
Rxd4 Bd5 28. Nc4 Bxc4 29. bxc4 Ke7 30. c5 1-0

[Event "Lichtenrader Herbst"]
[Site "Berlin"]
[Date "2009.10.17"]
[Round "1.10"]
[White "Reichenbach, Werner"]
[Black "Schmalzried, Volker"]
[Result "1-0"]
[WhiteElo "2280"]
[BlackElo "1850"]
[PlyCount "75"]
[EventDate "2009.??.??"]

1. e4 g6 2. d4 Bg7 3. Nc3 c5 4. d5 d6 5. Nf3 Nf6 6. Be2 O-O 7. O-O Na6 8. Nd2
Nc7 9. a4 a6 10. a5 Rb8 11. Re1 e6 12. Nc4 exd5 13. exd5 Nb5 14. Na4 Nd4 15.
Bf4 Bf5 16. Rc1 Ne4 17. Bd3 Re8 18. c3 Nb5 19. Qc2 Nf6 20. Rxe8+ Qxe8 21. Bxf5
gxf5 22. Qxf5 Nc7 23. Nab6 Qe2 24. Bxd6 Re8 25. h3 Nb5 26. Bxc5 Ne4 27. Be3
Nbd6 28. Nxd6 Nxd6 29. Qf4 Ne4 30. c4 Bxb2 31. Rf1 Bc3 32. d6 Qd3 33. d7 Rd8
34. Qg4+ Bg7 35. Rd1 Qc3 36. Bd4 Nf6 37. Qxg7+ Kxg7 38. Bxc3 1-0

[Event "Lichtenrader Herbst"]
[Site "Berlin"]
[Date "2009.10.17"]
[Round "1.11"]
[White "Krusemark, Gerhard"]
[Black "Rolle, Eric"]
[Result "0-1"]
[WhiteElo "1848"]
[BlackElo "2265"]
[PlyCount "88"]
[EventDate "2009.??.??"]

1. e4 c5 2. Nc3 Nc6 3. Bb5 Nd4 4. Bc4 d6 5. f4 Nf6 6. Nf3 Bg4 7. h3 Bxf3 8.
gxf3 e6 9. d3 a6 10. a4 Nh5 11. Be3 Nxf4 12. Kd2 Ng2 13. Rf1 Qh4 14. f4 Nxe3
15. Kxe3 Qxh3+ 16. Kd2 Qh2+ 17. Kc1 g6 18. Kb1 O-O-O 19. a5 Bh6 20. Rh1 Qxf4
21. Rf1 Qe5 22. Na4 f5 23. Nb6+ Kb8 24. c3 Nc6 25. exf5 gxf5 26. Re1 Be3 27.
Qf3 f4 28. Bxa6 d5 29. Bb5 Qf5 30. Qe2 c4 31. Ra4 Na7 32. Bxc4 dxc4 33. Nxc4
Rxd3 34. Ka1 Rhd8 35. a6 Qb5 36. Qc2 Nc6 37. axb7 Kxb7 38. b3 Qd5 39. Re2 Rxc3
40. Na5+ Nxa5 41. Qxc3 Qd1+ 42. Ka2 Qxe2+ 43. Ka3 Nc6 44. Qg7+ Kb6 0-1

[Event "Lichtenrader Herbst"]
[Site "Berlin"]
[Date "2009.10.17"]
[Round "1.12"]
[White "Gunajew, Rafal"]
[Black "Plaettner, Stefan"]
[Result "1-0"]
[WhiteElo "2261"]
[BlackElo "1832"]
[PlyCount "35"]
[EventDate "2009.??.??"]

1. e4 d6 2. d4 Nf6 3. Nc3 c6 4. f4 Qa5 5. Bd3 e5 6. Nf3 Nbd7 7. O-O Be7 8. Kh1
exd4 9. Nxd4 O-O 10. Nf5 Re8 11. Qe1 Bf8 12. Qg3 Kh8 13. Qg5 Qc7 14. Bd2 Nc5
15. e5 dxe5 16. fxe5 Ne6 17. Qh4 Nd5 18. Nxg7 1-0

[Event "Lichtenrader Herbst"]
[Site "Berlin"]
[Date "2009.10.17"]
[Round "1.13"]
[White "Vidic, Dobrivoje"]
[Black "Lueders, Gerhard"]
[Result "0-1"]
[WhiteElo "1832"]
[BlackElo "2259"]
[PlyCount "96"]
[EventDate "2009.??.??"]

1. d4 Nf6 2. Nf3 g6 3. c4 Bg7 4. Nc3 O-O 5. e4 d6 6. Be2 Bg4 7. h3 Bxf3 8. Bxf3
Nbd7 9. Be3 e5 10. d5 a5 11. a4 b6 12. g4 Nc5 13. h4 Nfd7 14. g5 f5 15. gxf6
Qxf6 16. Rh3 h6 17. Qe2 Nb3 18. Rd1 Ndc5 19. Nb5 Nxa4 20. Nxc7 Rac8 21. Ne6 Rf7
22. Rg3 Re8 23. Kf1 Nac5 24. Nxc5 bxc5 25. Bg4 Rb7 26. Kg2 Kh8 27. Rg1 Nd4 28.
Qd2 h5 29. Bd1 Reb8 30. Bxd4 cxd4 31. b3 a4 32. bxa4 Rb2 33. Bc2 Qf4 34. Qd1
Qxh4 35. Rf1 Kh7 36. a5 Qf4 37. a6 Ra2 38. Qe2 Rxa6 39. c5 Ra7 40. c6 Rf7 41.
Bd3 Bf6 42. Rh3 Bh4 43. f3 Bd8 44. Rg3 g5 45. Rh1 Kg6 46. Rgh3 h4 47. Rf1 Ba5
48. Rhh1 Qg3# 0-1

[Event "Lichtenrader Herbst"]
[Site "Berlin"]
[Date "2009.10.17"]
[Round "1.14"]
[White "Marcziter, Dmitrii"]
[Black "Hesselbarth, Karlheinz"]
[Result "1-0"]
[WhiteElo "2257"]
[BlackElo "1828"]
[PlyCount "61"]
[EventDate "2009.??.??"]

1. d4 Nf6 2. Nf3 d5 3. c4 e6 4. Nc3 c6 5. e3 Nbd7 6. Qc2 Be7 7. g4 O-O 8. Rg1
Re8 9. Bd2 Bf8 10. O-O-O g6 11. h4 Bg7 12. h5 a6 13. hxg6 fxg6 14. Ne5 Nxe5 15.
dxe5 Nd7 16. f4 Nf8 17. Kb1 b5 18. c5 a5 19. Ne2 Ra7 20. Nd4 Bd7 21. Bd3 b4 22.
e4 Qb8 23. Qa4 Qc7 24. Bc1 Re7 25. g5 Re8 26. Nf3 Re7 27. Nh2 Be8 28. Ng4 Nd7
29. Be3 Rf7 30. exd5 cxd5 31. c6 1-0

[Event "Lichtenrader Herbst"]
[Site "Berlin"]
[Date "2009.10.17"]
[Round "1.15"]
[White "Krawatzki, Armin"]
[Black "Boewer, Roland"]
[Result "0-1"]
[WhiteElo "1824"]
[BlackElo "2246"]
[PlyCount "58"]
[EventDate "2009.??.??"]

1. Nf3 Nf6 2. d4 d6 3. Nc3 g6 4. e4 Bg7 5. Bd3 O-O 6. Be3 c6 7. Qd2 b5 8. Bh6
Qc7 9. Bxg7 Kxg7 10. h3 e5 11. O-O a6 12. dxe5 dxe5 13. b4 Nbd7 14. a4 Bb7 15.
Ne2 c5 16. bxc5 Bxe4 17. Bxe4 Nxe4 18. Qe3 Ndxc5 19. Nxe5 Qxe5 20. f3 Nxa4 21.
fxe4 Rfe8 22. Ng3 Qc5 23. Rae1 Rac8 24. Rf2 Qxe3 25. Rxe3 Rc4 26. e5 Nc5 27.
Kf1 h5 28. h4 Rxh4 29. Rc3 Rxe5 0-1

[Event "Lichtenrader Herbst"]
[Site "Berlin"]
[Date "2009.10.17"]
[Round "1.16"]
[White "Meissner, Hans-Juergen"]
[Black "Bockelmann, Rolf"]
[Result "1-0"]
[WhiteElo "2241"]
[BlackElo "1822"]
[PlyCount "79"]
[EventDate "2009.??.??"]

1. d4 Nf6 2. Nf3 e6 3. c4 d5 4. Bg5 dxc4 5. Nc3 Be7 6. e3 O-O 7. Bxc4 Nc6 8.
O-O a6 9. Rc1 Nd5 10. Bxe7 Ncxe7 11. e4 Nxc3 12. Rxc3 c6 13. Qe2 Ng6 14. Rd1 b5
15. Bb3 Bb7 16. Rc5 a5 17. Qe3 h6 18. a3 a4 19. Ba2 Qb6 20. Qc3 Nf4 21. Rd2
Rac8 22. g3 Ng6 23. Ne1 Rfe8 24. Nd3 Rcd8 25. Nb4 Ne7 26. Bb1 Rd6 27. e5 Rdd8
28. Be4 Nd5 29. Bxd5 cxd5 30. Qd3 Rc8 31. Rdc2 Ba6 32. Rc6 Rxc6 33. Rxc6 Qb7
34. Rxa6 Rc8 35. Rd6 Rc1+ 36. Kg2 Qc7 37. Na6 Qa5 38. Nb4 Rc4 39. Nc6 Qc7 40.
Rd8+ 1-0

[Event "Lichtenrader Herbst"]
[Site "Berlin"]
[Date "2009.10.17"]
[Round "1.17"]
[White "Starke, Rene-Reiner"]
[Black "Kollberg, Lothar"]
[Result "0-1"]
[WhiteElo "1819"]
[BlackElo "2232"]
[PlyCount "157"]
[EventDate "2009.??.??"]

1. d4 g6 2. c4 Bg7 3. Nc3 Nf6 4. e4 d6 5. Nf3 O-O 6. Be2 Nbd7 7. O-O e5 8. dxe5
dxe5 9. Bg5 h6 10. Be3 c6 11. h3 Qe7 12. Qd2 Kh7 13. Rad1 Nc5 14. Bxc5 Qxc5 15.
a3 Nh5 16. b4 Qe7 17. Qd6 Qxd6 18. Rxd6 Nf4 19. c5 Be6 20. Rfd1 Nxe2+ 21. Nxe2
Rfe8 22. Nc3 Rac8 23. Ne1 f6 24. Nc2 Kg8 25. f3 Bf8 26. R6d3 h5 27. Ne3 Bh6 28.
Kf2 f5 29. Rd6 f4 30. Nc2 Bf8 31. R6d3 g5 32. Na4 Be7 33. Nb2 Kf7 34. Rc3 Rcd8
35. Rxd8 Rxd8 36. Ke2 g4 37. hxg4 hxg4 38. Rd3 Rh8 39. Rd2 b6 40. cxb6 axb6 41.
Ne1 Rh2 42. Kd1 Rh1 43. Re2 gxf3 44. gxf3 Bb3+ 45. Kd2 Bh4 46. Nbd3 Ke6 47. Nb2
Kd6 48. Ng2 Bf6 49. Ne1 Kc7 50. Kc3 Bf7 51. Nbd3 Rh3 52. Nf2 Rh2 53. Rc2 Bh4
54. Ned3 Bxf2 55. Nxf2 Kd6 56. Ng4 Rh3 57. Rf2 Bh5 58. Nh2 Rg3 59. Kb2 b5 60.
Kb3 c5 61. bxc5+ Kxc5 62. Kc3 Rg7 63. Nf1 Ra7 64. Kb2 b4 65. axb4+ Kxb4 66. Rc2
Bxf3 67. Nd2 Bg4 68. Rc3 Ra2+ 69. Kxa2 Kxc3 70. Nb3 Bf3 71. Nc5 Kd4 72. Ne6+
Kxe4 73. Kb2 Ke3 74. Kc2 e4 75. Ng5 Be2 76. Nh3 f3 77. Kc3 f2 78. Nxf2 Kxf2 79.
Kd2 0-1

[Event "Lichtenrader Herbst"]
[Site "Berlin"]
[Date "2009.10.17"]
[Round "1.18"]
[White "Glantz, Robert"]
[Black "Prix, Siegfried"]
[Result "1-0"]
[WhiteElo "2228"]
[BlackElo "1810"]
[PlyCount "61"]
[EventDate "2009.??.??"]

1. e4 e5 2. Nf3 Nc6 3. Bb5 a6 4. Ba4 Nf6 5. Qe2 b5 6. Bb3 d6 7. c3 Be7 8. O-O
O-O 9. Rd1 Na5 10. Bc2 Nc4 11. d4 exd4 12. cxd4 d5 13. e5 Ne8 14. b3 Nb6 15.
Be3 c6 16. Nbd2 Nc7 17. h3 Ne6 18. Nf1 Bb7 19. Ng3 g6 20. Nh2 Rc8 21. Ng4 Nd7
22. Nh6+ Kh8 23. Qg4 c5 24. Nxf7+ Rxf7 25. Qxe6 Qe8 26. Qg4 Rf8 27. Rd2 cxd4
28. Bxd4 Nc5 29. Rf1 Qc6 30. e6+ Bf6 31. Nh5 1-0

[Event "Lichtenrader Herbst"]
[Site "Berlin"]
[Date "2009.10.17"]
[Round "1.19"]
[White "Gunnarsson, Leif"]
[Black "Stachanczyk, Jacek"]
[Result "0-1"]
[WhiteElo "1810"]
[BlackElo "2212"]
[PlyCount "76"]
[EventDate "2009.??.??"]

1. e4 c5 2. Nf3 d6 3. d4 cxd4 4. Nxd4 Nf6 5. Nc3 g6 6. Be2 Bg7 7. Be3 O-O 8.
O-O Nc6 9. Kh1 d5 10. exd5 Nxd5 11. Nxd5 Qxd5 12. Bf3 Qa5 13. Nb3 Qc7 14. c3
Rd8 15. Qe2 e5 16. Rfd1 Rxd1+ 17. Rxd1 b6 18. Qc4 Bb7 19. Bg5 h6 20. Bg4 b5 21.
Qxb5 f5 22. Nc5 Na5 23. Nxb7 Qxb7 24. Qxa5 hxg5 25. Be2 Kh7 26. Qd5 Qxd5 27.
Rxd5 e4 28. Rd7 Kh6 29. Bc4 Rb8 30. Bb3 a5 31. Ra7 Rd8 32. Kg1 Rd2 33. g3 Rxb2
34. Ra6 Bxc3 35. Rc6 Bd4 36. Rc2 Rb1+ 37. Kg2 f4 38. g4 f3+ 0-1

[Event "Lichtenrader Herbst"]
[Site "Berlin"]
[Date "2009.10.17"]
[Round "1.20"]
[White "Behrmann, Joachim"]
[Black "Mohr, Horst"]
[Result "1-0"]
[WhiteElo "2203"]
[BlackElo "1805"]
[PlyCount "69"]
[EventDate "2009.??.??"]

1. d4 d5 2. c4 c6 3. Nc3 Nf6 4. e3 e6 5. Nf3 Nbd7 6. Bd3 Be7 7. O-O O-O 8. b3
b6 9. Qe2 Bb4 10. Bb2 Bb7 11. Rad1 Re8 12. a3 Bd6 13. e4 dxe4 14. Nxe4 Nxe4 15.
Qxe4 f5 16. Qe2 c5 17. Bc2 Qc7 18. h3 Rad8 19. Qe3 Nf6 20. dxc5 bxc5 21. Ne5
Bxe5 22. Bxe5 Qc6 23. f3 Nd7 24. Bb2 Nf6 25. Rd2 Rxd2 26. Qxd2 Qd7 27. Qg5 Kf7
28. Rd1 Qc7 29. Qd2 g6 30. Qc3 e5 31. b4 cxb4 32. axb4 Qc6 33. Bb3 Kg7 34. c5
Kh6 35. Rd6 1-0

[Event "Lichtenrader Herbst"]
[Site "Berlin"]
[Date "2009.10.17"]
[Round "1.40"]
[White "Kujawa, Werner"]
[Black "Dukaczewski, Piotr"]
[Result "0-1"]
[WhiteElo "1852"]
[BlackElo "2285"]
[PlyCount "73"]
[EventDate "2009.??.??"]

1. e4 c5 2. Nf3 Nc6 3. d4 cxd4 4. Nxd4 Nf6 5. Nc3 e5 6. Ndb5 d6 7. Bg5 a6 8.
Na3 b5 9. Nd5 Be7 10. Bxf6 Bxf6 11. Nxf6+ Qxf6 12. c3 Qg6 13. f3 O-O 14. Qd2
Bb7 15. Nc2 Ne7 16. Bd3 Rad8 17. Ne3 Qe6 18. Bc2 Qc8 19. Qf2 a5 20. a4 b4 21.
cxb4 axb4 22. O-O Qb8 23. Bb3 Nc6 24. Bd5 Nd4 25. Bxb7 Qxb7 26. a5 Ra8 27. Nd5
Nb3 28. Qb6 Qxb6+ 29. Nxb6 Ra6 30. Rad1 Nd4 31. Nc4 b3 32. Kf2 Rc8 33. Ne3 Rxa5
34. Rc1 Rac5 35. Ra1 g6 36. Ra6 R5c6 37. Ra7 {Zue} 0-1

[Event "Lichtenrader Herbst"]
[Site "Berlin"]
[Date "2009.10.18"]
[Round "2.1"]
[White "Reiche, Henry"]
[Black "Graf, Alexander"]
[Result "0-1"]
[WhiteElo "2010"]
[BlackElo "2596"]
[PlyCount "62"]
[EventDate "2009.??.??"]

1. e4 e6 2. d4 d5 3. Nd2 c5 4. exd5 Qxd5 5. dxc5 Bxc5 6. Ngf3 Nf6 7. Be2 b6 8.
O-O Bb7 9. Nb3 Be7 10. Qxd5 Bxd5 11. Bb5+ Nbd7 12. Ne5 a6 13. Bxd7+ Nxd7 14.
Nxd7 Kxd7 15. Be3 Rhc8 16. c3 b5 17. Rad1 Ke8 18. Nc1 a5 19. Rfe1 f6 20. f4 Kf7
21. f5 b4 22. fxe6+ Bxe6 23. Bd4 Rd8 24. Rd2 Rd7 25. Rde2 Bc4 26. Re3 bxc3 27.
bxc3 a4 28. Rf3 Rb8 29. Nd3 Kg8 30. Nb4 Bxb4 31. cxb4 Rxd4 0-1

[Event "Lichtenrader Herbst"]
[Site "Berlin"]
[Date "2009.10.18"]
[Round "2.2"]
[White "Kalinitschew, Sergey"]
[Black "Roitzsch, Philippe"]
[Result "1-0"]
[WhiteElo "2483"]
[BlackElo "2004"]
[PlyCount "81"]
[EventDate "2009.??.??"]

1. d4 Nf6 2. c4 e6 3. Nc3 Bb4 4. Qc2 c5 5. dxc5 Nc6 6. Nf3 Bxc5 7. Bg5 h6 8.
Bh4 O-O 9. e3 b6 10. Rd1 Be7 11. Be2 a6 12. O-O Bb7 13. Rd2 Qc7 14. Rfd1 Rad8
15. Bg3 d6 16. Nd5 exd5 17. cxd5 Nxd5 18. Rxd5 Rd7 19. R5d2 Rfd8 20. a3 Qc8 21.
Bd3 Rc7 22. Bh7+ Kh8 23. Bf5 Qb8 24. Qb3 Bf8 25. Qxb6 Ne7 26. Rxd6 Nxf5 27.
Qxc7 Bxd6 28. Qxf7 Nxg3 29. hxg3 Bxf3 30. gxf3 Qxb2 31. Rxd6 Rb8 32. Rxa6 Qe2
33. Qg6 Qxf3 34. Ra7 Qd1+ 35. Kg2 Qd5+ 36. e4 Qd4 37. Rf7 Kg8 38. Qe6 Kh8 39.
Qe7 Rb1 40. Rf8+ Kh7 41. Qe8 1-0

[Event "Lichtenrader Herbst"]
[Site "Berlin"]
[Date "2009.10.18"]
[Round "2.3"]
[White "Schmidt, Juergen"]
[Black "Meister, Jakob"]
[Result "0-1"]
[WhiteElo "2009"]
[BlackElo "2480"]
[PlyCount "102"]
[EventDate "2009.??.??"]

1. e4 c5 2. Nf3 g6 3. d4 cxd4 4. Nxd4 Nc6 5. Nc3 Bg7 6. Be3 Nf6 7. Bc4 d6 8.
Bb3 Ng4 9. h3 Nxe3 10. fxe3 O-O 11. O-O Ne5 12. Qe2 a6 13. a4 b6 14. Rf2 e6 15.
Rd1 Qe7 16. Qd2 Bb7 17. Nf3 Rad8 18. Nxe5 Bxe5 19. Bc4 Qc7 20. Bd3 Qc5 21. Ne2
Bxb2 22. c3 Ba3 23. Ra1 d5 24. e5 Qe7 25. Nd4 Bc5 26. Nf3 f6 27. exf6 Rxf6 28.
Nd4 Rxf2 29. Qxf2 e5 30. Nb3 Bd6 31. e4 d4 32. c4 a5 33. Nd2 Rf8 34. Nf3 Bc6
35. Rb1 Bc7 36. Qa2 Kg7 37. Rf1 Bd6 38. Qb3 Bc5 39. Kh1 Rf4 40. Qc2 Qe8 41. Ra1
h6 42. Qe2 Bxa4 43. Nxe5 Qxe5 44. Rxa4 Bd6 45. g3 Rf7 46. Qg2 Qg5 47. Ra2 Bxg3
48. Rd2 h5 49. c5 bxc5 50. Bc4 Rb7 51. Ba2 Bf4 0-1

[Event "Lichtenrader Herbst"]
[Site "Berlin"]
[Date "2009.10.18"]
[Round "2.4"]
[White "Orzech, Dominik"]
[Black "Voelz, Stephan"]
[Result "1-0"]
[WhiteElo "2435"]
[BlackElo "1997"]
[PlyCount "51"]
[EventDate "2009.??.??"]

1. d4 Nf6 2. Nf3 d5 3. c4 e6 4. Nc3 c6 5. Bg5 Be7 6. e3 Nbd7 7. Rc1 O-O 8. a3
Re8 9. Bd3 dxc4 10. Bxc4 Nd5 11. Bxe7 Qxe7 12. O-O Nxc3 13. Rxc3 e5 14. Qb3 e4
15. Ng5 Qxg5 16. Bxf7+ Kf8 17. Bxe8 Kxe8 18. f3 Qd5 19. Qc2 Nf6 20. Rc5 Qd8 21.
fxe4 Be6 22. Re5 Kf7 23. Rxe6 Kxe6 24. e5 Qd5 25. Qf5+ Kf7 26. Qxh7 1-0

[Event "Lichtenrader Herbst"]
[Site "Berlin"]
[Date "2009.10.18"]
[Round "2.5"]
[White "Costello, Colin"]
[Black "Batyrov, Sapar"]
[Result "1/2-1/2"]
[WhiteElo "2000"]
[BlackElo "2421"]
[PlyCount "47"]
[EventDate "2009.??.??"]

1. c4 e5 2. g3 Nc6 3. Bg2 d6 4. Nc3 g6 5. Nf3 Bg7 6. Rb1 Nh6 7. b4 O-O 8. b5
Nd4 9. O-O Bg4 10. d3 Qd7 11. Nd5 f6 12. e3 Nxf3+ 13. Bxf3 f5 14. Bxg4 fxg4 15.
e4 c6 16. Ne3 Rf3 17. bxc6 bxc6 18. Qb3 Nf7 19. Qb7 Qxb7 20. Rxb7 h5 21. Kg2 a5
22. h3 a4 23. hxg4 hxg4 24. Rd1 1/2-1/2

[Event "Lichtenrader Herbst"]
[Site "Berlin"]
[Date "2009.10.18"]
[Round "2.6"]
[White "Brener, Ilja"]
[Black "Moritz, Aron"]
[Result "1-0"]
[WhiteElo "2409"]
[BlackElo "1995"]
[PlyCount "83"]
[EventDate "2009.??.??"]

1. d4 d5 2. c4 e6 3. Nc3 Nf6 4. cxd5 exd5 5. Bg5 Nbd7 6. e3 Be7 7. Bd3 O-O 8.
Nge2 Re8 9. O-O Nf8 10. b4 a5 11. b5 Be6 12. Nf4 h6 13. Bxf6 Bxf6 14. Qf3 c6
15. bxc6 bxc6 16. Na4 Qd6 17. Bc2 Nd7 18. Rac1 Rac8 19. Nd3 Rb8 20. Bb3 Rec8
21. Rc3 Nb6 22. Nxb6 Rxb6 23. Rfc1 Bd7 24. Bxd5 Qxd5 25. Qxd5 cxd5 26. Rxc8+
Bxc8 27. Rxc8+ Kh7 28. g4 Be7 29. Rc7 Ba3 30. Kg2 Rb1 31. Rxf7 Ra1 32. Ra7 Bb4
33. Nxb4 axb4 34. Rb7 Rxa2 35. Rxb4 Ra7 36. Rb5 Rd7 37. h4 Kg6 38. Kg3 Kf6 39.
f3 Kf7 40. h5 Kf6 41. Kf4 Rd6 42. Rb4 1-0

[Event "Lichtenrader Herbst"]
[Site "Berlin"]
[Date "2009.10.18"]
[Round "2.7"]
[White "Duenzel, Jonas"]
[Black "Radovanovic, Jovica"]
[Result "0-1"]
[WhiteElo "1983"]
[BlackElo "2360"]
[PlyCount "70"]
[EventDate "2009.??.??"]

1. e4 c5 2. Nf3 d6 3. d4 cxd4 4. Nxd4 Nf6 5. Nc3 a6 6. Be3 e5 7. Nf3 h6 8. Bc4
Be7 9. O-O Qc7 10. Bb3 Nbd7 11. Qe2 Nc5 12. Bd5 O-O 13. Rad1 Rb8 14. Ne1 b5 15.
a3 Na4 16. Nxa4 bxa4 17. Nd3 Nxd5 18. exd5 Qc4 19. Nf4 Qxe2 20. Nxe2 Rxb2 21.
Rc1 Bf5 22. Rfe1 Rxc2 23. f4 Rfc8 24. Ng3 Rxc1 25. Bxc1 Bd3 26. fxe5 dxe5 27.
Bb2 Bc5+ 28. Kh1 Bd6 29. h3 f6 30. Re3 Bg6 31. Re2 h5 32. Rd2 h4 33. Ne2 Rc5
34. Nc3 Rc4 35. Nd1 Bf7 0-1

[Event "Lichtenrader Herbst"]
[Site "Berlin"]
[Date "2009.10.18"]
[Round "2.8"]
[White "Herrmann, Markus"]
[Black "Dauth, Benjamin"]
[Result "0-1"]
[WhiteElo "1979"]
[BlackElo "2297"]
[PlyCount "52"]
[EventDate "2009.??.??"]

1. e4 e5 2. Nf3 Nc6 3. Bb5 f5 4. d3 fxe4 5. dxe4 Bc5 6. O-O d6 7. Nc3 Nf6 8.
Bg5 O-O 9. Nd5 Kh8 10. c3 Ne7 11. a4 Nexd5 12. exd5 a6 13. Be2 Qe8 14. Bxf6
Rxf6 15. Qd2 e4 16. Nd4 Qe5 17. f4 Qxd5 18. Rad1 Bd7 19. Qc2 Raf8 20. g3 Bh3
21. Rfe1 g5 22. Bf1 Bxf1 23. Kxf1 gxf4 24. g4 e3 25. Kg1 f3 26. Rxe3 f2+ 0-1

[Event "Lichtenrader Herbst"]
[Site "Berlin"]
[Date "2009.10.18"]
[Round "2.9"]
[White "Christiani, Joerg"]
[Black "Reichenbach, Werner"]
[Result "1/2-1/2"]
[WhiteElo "1977"]
[BlackElo "2280"]
[PlyCount "54"]
[EventDate "2009.??.??"]

1. c4 e5 2. Nc3 Nf6 3. g3 c6 4. Nf3 d6 5. d3 Nbd7 6. e4 g6 7. Bg2 Bg7 8. O-O
O-O 9. h3 a6 10. Be3 Qe7 11. Ne1 Nc5 12. Nc2 h5 13. f4 h4 14. g4 exf4 15. Bxf4
Ne6 16. Be3 Nh7 17. d4 Bd7 18. a4 a5 19. Qd2 Nc7 20. Rfe1 Rfe8 21. Bf4 Qf8 22.
c5 dxc5 23. Bxc7 cxd4 24. Nxd4 Qc5 25. Nce2 Ng5 26. Rac1 Qe7 27. Nc3 Bxg4
1/2-1/2